00838 2200337 4500001002100000005001700021008004100038020002200079035002400101040001200125041000800137082000800145090001400153100001900167245004100186250001000227260003400237300002800271600001900299650001200318990001700330990001700347990001700364990001700381990001700398990001700415990001700432990001700449990001700466990001700483YOGYA-0213000000002420160809142228.0 ind  a978-602-978-466-4 0010-021300000000024 aYOPDYOG aInd a371 a371 Pra S aWIWID PRASETYO aSekolah, ayo sekolahcWIWID PRASETYO aCet.1 aYogyakartabDiva Pressc2011. a475 hlmc20 cm (10 eks) aLubis, Nisrina aSekolah a2311-PK/B.12 a2312-PK/B.12 a2313-PK/B.12 a2314-PK/B.12 a2315-PK/B.12 a2316-PK/B.12 a2317-PK/B.12 a2318-PK/B.12 a2319-PK/B.12 a2320-PK/B.12